| 000 | 00707nmm a2200265 a 4500 | ||
|---|---|---|---|
| 003 | AR-BaBNM | ||
| 005 | 20251128210442.0 | ||
| 008 | 190020s1998 ||||||||||||||000 | spa|| | ||
| 020 | _a987-9028-10-4 | ||
| 040 | _cAR-BaBNM | ||
| 100 | 1 | _aReboratti, Carlos | |
| 245 | 1 | 0 |
_aEl Alto Bermejo _brealidades y conflictos |
| 260 |
_aBuenos Aires _bLa Colmena _c1998 |
||
| 300 | 0 |
_a216 p. _btablas, mapas |
|
| 504 | _aBibliografía p. 207-216 | ||
| 650 | 4 | _aSOCIOLOGIA RURAL | |
| 650 | 4 | _aEMPRESARIOS | |
| 650 | 4 | _aTRABAJADORES AGRICOLAS | |
| 650 | 4 | _aPERIODO HISPANICO | |
| 650 | 4 | _aPERIODO INDEPENDIENTE | |
| 651 | 4 | _aArgentina | |
| 653 | 0 | _aGEOGRAFIA ARGENTINA | |
| 942 | _cBK | ||
| 998 | _cMariana | ||
| 999 |
_c15521 _d15521 |
||